Defet/ (Record no. 2711)

MARC details
000 -LEADER
campo de control de longitud fija 00560nam a2200193 4500
003 - IDENTIFICADOR DE NÚMERO DE CONTROL
campo de control OSt
005 - FECHA Y HORA DE LA ÚLTIMA TRANSACCIÓN
campo de control 20221121114553.0
008 - DATOS DE LONGITUD FIJA--INFORMACIÓN GENERAL
campo de control de longitud fija 221117b |||||||| |||| 00| 0 eng d
020 ## - NÚMERO INTERNACIONAL ESTÁNDAR DEL LIBRO
Número Internacional Estándar del Libro 3 933096 89 8
040 ## - FUENTE DE CATALOGACIÓN
Centro/agencia transcriptor Biblioteca Lado V
082 ## - NÚMERO DE LA CLASIFICACIÓN DECIMAL DEWEY
Número de clasificación 708
Número de ítem G869d
100 ## - ENTRADA PRINCIPAL--NOMBRE DE PERSONA
9 (RLIN) 309
Nombre de persona Grisebach, Lucius
Término indicativo de función/relación curador
245 ## - MENCIÓN DEL TÍTULO
Título Defet/
Resto del título Eine Schenkung/
260 ## - PUBLICACIÓN, DISTRIBUCIÓN, ETC.
Fecha de publicación, distribución, etc. 2002
Nombre del editor, distribuidor, etc. Neues Museum in Nurnberg
Lugar de publicación, distribución, etc. Alemania
300 ## - DESCRIPCIÓN FÍSICA
Extensión 167p.
Dimensiones 22x27cm
700 ## - ENTRADA AGREGADA--NOMBRE PERSONAL
Nombre de persona Heyden, Thomas
Término indicativo de función/relación curador
700 ## - ENTRADA AGREGADA--NOMBRE PERSONAL
Nombre de persona Suk, Birgit
Término indicativo de función/relación curador
942 ## - ELEMENTOS DE ENTRADA SECUNDARIOS (KOHA)
Fuente del sistema de clasificación o colocación Clasificación Decimal Dewey
Tipo de ítem Koha Libros
Parte de la signatura que identifica el ejemplar (Parte del ítem) G869d
Parte de la signatura que corresponde a la clasificación (Parte de la clasificación) 708
Suprimir en OPAC No
Holdings
Estatus retirado Estado de pérdida Fuente del sistema de clasificación o colocación Estado de daño No para préstamo Biblioteca de origen Biblioteca actual Fecha de adquisición Número de inventario Total de préstamos Signatura topográfica completa Código de barras Visto por última vez Precio de reemplazo Tipo de ítem Koha
    Clasificación Decimal Dewey     Biblioteca LadoV Biblioteca LadoV 21/11/2022 001132   708 G869d 001132 21/11/2022 21/11/2022 Libros